000 00604nam a2200181 a 4500
005 20140412111308.0
008 010424s19uu xx 00 eng d
020 _a0-02-789120-8
050 _aTR(PS E
_bDo65 1994
100 _aTedesco, Donna
245 _aDo you know how much I love you? /
_cby Donna Tedesco.
260 _aNew York :
_bMacmillan Books for Young Readers,
_c1994.
300 _a1v. (unp.) ; ill.
520 _aThe unending love of a parent for a child is described in terms that continue to grow.
650 _aLove-Fiction
650 _aParent and child-Fiction
999 _c103782
_d103782